Statistics for Geography by Picture - A

Click here to take the quiz!

General Stats

  • This quiz has been taken 14,850 times
    (14,797 since last reset)
  • The average score is 12 of 18

Answer Stats

Answer % Correct
Athens
97%
Antarctica
94%
Arizona
92%
Australia
88%
Amazon
86%
Amsterdam
84%
Aurora
82%
Albania
79%
Alcatraz
77%
Andes
76%
Aegean
68%
Angkor Wat
61%
Agra
55%
Alexandria
54%
Arlington
52%
Andalucia
52%
Argyll
25%
Ararat
20%

Score Distribution

Percentile by Number Answered

Percent of People with Each Score

Your Score History

You have not taken this quiz since the last reset